000 00525nam a2200193Ia 4500
005 20250326145153.0
008 250326s9999 xx 000 0 und d
037 _aTextbook
040 _aFMSL
_beng
_cFMSL
041 _aeng
_2eng
084 _aX:8 Q1
_qFMSL
100 _aKlososky S
_9750765
245 0 _aManager's guide to social media
_cKlososky S
260 _aNew Delhi
_bNew Delhi, Tata McGraw Hill
_c2011
365 _b325
650 _aManagement
942 _cTB
_hX:8 Q1
999 _c1306625
_d1306625